| 000 | 01580nam0a2200397 4500 | ||
|---|---|---|---|
| 001 | RU\NLR\BIBL_A\010015938 | ||
| 005 | 20250613195947.0 | ||
| 010 |
_a978-5-89647-283-4 _91000 |
||
| 021 |
_aRU _b2013-89429 _96178 |
||
| 035 | _a(NILC)RuMoRGB-006691160 | ||
| 035 | _a(NLR Aleph) 010015938 | ||
| 090 |
_a9876864 _c9876864 |
||
| 100 | _a20131218d2014 |||y0rusy50 ca | ||
| 101 | 1 |
_arus _ceng |
|
| 102 | _aRU | ||
| 105 | _ay|||z|||000zy | ||
| 200 | 1 |
_aВнутренний голос Любви _eпуть от отчаяния к свободе _fГенри Нувен _g[пер. с англ.: Анна Меннер] |
|
| 205 | _a[2-е изд.] | ||
| 210 |
_aМосква _cИзд-во ББИ _d2014 |
||
| 215 |
_a93 с. _d21 |
||
| 300 | _aЗагл. и авт. ориг.: The inner voice of love / Nouwen Henri J. M. | ||
| 300 | _aНа 4-й с. обл. авт.: Нувен Г., католич. свящ. | ||
| 320 | _aДр. работы авт. на 4-й с. обл. | ||
| 454 | 0 |
_12001#$aThe inner voice of love$fNouwen, Henri J. M. _1700#1$aNouwen$bH. J. M.$f1932-1996$gHenri _tThe inner voice of love _aNouwen, Henri (1932-1996) |
|
| 606 | 1 |
_aДуховно-нравственное чтение _92074545 _3RU\NLR\AUTH\661249549 |
|
| 675 | _a27-29 | ||
| 686 | 2 | _aЭ375-681.2 | |
| 700 | 1 |
_aНувен _bГ. _f1932-1996 _gГенри |
|
| 801 | 0 |
_aRU _bRuMoRKP _c20131105 _gRCR |
|
| 801 | 2 |
_aRU _bРГБ _c20131113 _grcr |
|
| 942 | _cBOOK | ||
| 980 | _aNBR | ||
| 980 | _aNB | ||